00630nam a2200193Ia 4500003000400000005001700004008004100021040000700062041000800069082001900077100003400096245004200130260004400172365001300216906004800229942001200277999001900289952012800308OSt20230529095434.0210423s2001 xx 000 0 und d cAL aeng a658.3 KANS223 aKANDULA (Srinivas R).9115404 aStrategic human resource development. aNew DelhibPrentice-Hall of Indiac2001 b225cINR adevelopment. ; human ; resource ; Strategic 2ddccBK c173499d173499 001040708MSWaSACPGbSACPGd2002-11-20eBook Worldg225.00l0o658.3 KANSpPG020106r2022-08-24 00:00:00w2021-04-26yBK